[Event "Hampstead IM"]
[Site "Hampstead"]
[Date "1998.03.30"]
[Round "8"]
[White "Aagaard, Jacob"]
[Black "Cobb, James"]
[Result "1-0"]
[WhiteElo "2395"]
[BlackElo "2330"]
[Annotator "Aagaard,J"]
[PlyCount "79"]
[EventDate "1998.03.25"]
[EventType "tourn"]
[EventRounds "9"]
[EventCountry "ENG"]
[EventCategory "4"]
[SourceTitle "EXT 2001"]
[Source "ChessBase"]
[SourceDate "2000.11.22"]
[SourceVersion "1"]
[SourceVersionDate "2000.11.22"]
[SourceQuality "1"]

1. e4 e5 2. Nf3 Nc6 3. Bb5 a6 4. Ba4 Nf6 5. O-O Be7 6. Re1 b5 7. Bb3 d6 8. c3
O-O 9. a3 Be6 10. d4 Bxb3 11. Qxb3 exd4 12. cxd4 d5 13. e5 Ne4 14. Nc3 Nxc3 15.
Qxc3 Qd7 16. Bg5 $1 {[%csl Gc5][%cal Yf3d2,Yd2b3,Yb3c5,Ye1c1,Yc1c5,Yc5d5]} b4
$1 {[%csl Ga3][%cal Rb4e1]} 17. Qd3 bxa3 18. bxa3 Rfb8 $1 {[%cal Yc6d8,Yd8e6,
Ge6c5]} 19. Rac1 Nd8 20. Bxe7 Qxe7 21. g3 $6 (21. Rc5 $1 Ne6 22. Ra5 $14 {
[%csl Ra6]}) 21... Rb6 22. Rc5 Qd7 23. Ng5 Rg6 (23... g6 24. Qf3 Ne6 25. Nxe6
fxe6 26. Rec1 $16) 24. f4 $5 {[%cal Rf4f5,Re5e6]} (24. h4 $1 h6 25. e6 Nxe6 26.
Rxe6 hxg5 27. Rxg6 fxg6 28. hxg5 $14) 24... h6 25. Nf3 $1 (25. e6 $13) 25...
Ne6 26. f5 $1 Nxc5 27. dxc5 Rg4 $1 (27... Rc6 $2 28. e6 fxe6 29. Ne5 Qe8 30. f6
$1 gxf6 31. Nxc6 Qxc6 32. Qg6+ $18) 28. e6 Qc6 $2 (28... fxe6 29. Ne5 Qa4 $1
30. Nxg4 Qxg4 31. fxe6 Qc4 32. Qxc4 dxc4 $14) 29. exf7+ Kf8 30. Ne5 Qxc5+ {
[%tqu "En","How should white play to keep his attack going?","","","e1e3","",
10]} 31. Re3 $3 (31. Kg2 $2 Qd4 32. Qc2 Re4 33. Qxc7 Qxe5 34. Qxe5 Rxe5 35.
Rxe5 Rd8 36. Re6 d4 37. Kf2 d3 38. Ke1 d2+ 39. Kd1 Kxf7 40. Rxa6 Rd5 $11) 31...
Qc1+ 32. Kg2 Qb2+ 33. Kh3 Rd4 34. Ng6+ Kxf7 35. Re7+ Kf6 (35... Kg8 36. Qxa6 $1
(36. f6 $1 gxf6 37. Qf5 $18) 36... Rh4+ $8 37. gxh4 Qxa3+ 38. Qxa3 Rxa3+ 39.
Kg4 Ra8 40. f6 gxf6 41. Kh5 $18) 36. Qe3 Re4 37. Rxe4 dxe4 38. Qxe4 Qb5 39.
Qe7+ Kxf5 40. Nh4# 1-0

[Event "Ciocaltea Memorial"]
[Site "Bucharest"]
[Date "1994.??.??"]
[Round "7"]
[White "Brodsky, Michail"]
[Black "Zaitsev, Igor A"]
[Result "1-0"]
[WhiteElo "2500"]
[BlackElo "2430"]
[Annotator "Ambroz,J"]
[PlyCount "117"]
[EventDate "1994.02.??"]
[EventType "tourn"]
[EventRounds "13"]
[EventCountry "ROU"]
[EventCategory "9"]
[SourceTitle "CBM 040"]
[Source "ChessBase"]
[SourceDate "1994.06.01"]
[SourceVersion "1"]
[SourceVersionDate "1994.06.01"]
[SourceQuality "1"]

1. e4 e5 2. Nf3 Nc6 3. Bb5 a6 4. Ba4 Nf6 5. O-O Be7 6. Re1 b5 7. Bb3 d6 8. c3
O-O 9. d3 Be6 $5 (9... Na5 10. Bc2 c5 11. Nbd2 Nd7 $5 {/\ Bf6, Abramovic-Ivkov,
Bor 1984} (11... Re8 12. Nf1 Bf8 13. Bg5 h6 14. Bh4 Be7 15. Ne3 Nh5 $5 16. Bxe7
Qxe7 17. Nd5 Qd8 18. a4 Bb7 19. b4 cxb4 20. cxb4 Nc6 21. Bb3 Nf6 22. Nxf6+ Qxf6
23. Bd5 Qe7 24. Qb3 Rec8 25. h3 $14 {Nunn-Rogers,I/Reggio Emilia/1984/0.5 (35)}
)) 10. a4 (10. Bxe6 fxe6 {>>, <-> f}) (10. d4 $5 Bxb3 11. Qxb3 Nd7 12. Qd5 Na5
13. dxe5 c6 14. Qd4 c5 15. Qd5 Nb6 16. Qd1 dxe5 17. Qxd8 Raxd8 18. Nxe5 Rfe8
19. Nf3 $5 $14 {Sax-Velimirovic, Sarajevo 1985}) (10. Nbd2 Bxb3 11. Qxb3 Nd7 $1
12. Nf1 (12. Qc2 $5 Bf6 13. Nf1 Nc5 14. Ne3 g6 $5 15. b4 Ne6 16. Bb2 Bg7 17. a4
Qd7 18. Nd5 Rae8 19. c4 Ne7 20. axb5 axb5 21. Ra7 bxc4 22. Qxc4 Nxd5 23. exd5
Nf4 24. Bc1 e4 25. Rxe4 {Ivanovic,B-Djuric,S/Vrsac/1983/1-0 (62)}) 12... Nc5
13. Qd1 d5 14. Ng3 dxe4 15. dxe4 Qxd1 16. Rxd1 Rfd8 17. Be3 Na4 18. Rxd8+ Rxd8
19. Rb1 $10 f6 20. Kf1 Na5 21. Nf5 Bf8 22. Bc1 Bc5 23. Nd2 g6 24. Ng3 Bf8 25.
Ke2 {Brodskij,M-Zaitsev,I/Moscow Alekhine op/1992/1-0 (71)}) 10... Bxb3 11.
Qxb3 b4 12. Nbd2 bxc3 13. bxc3 d5 (13... Qd7) 14. Bb2 $5 Rb8 15. Qc2 dxe4 {><c4
} (15... Re8 $5 16. exd5 Qxd5 (16... Nxd5 17. Nxe5 Nxe5 18. Rxe5 Nf4 $13)) 16.
dxe4 Qd7 17. Nc4 Qe6 18. Qe2 (18. Ne3 $6 Nxe4 19. Qxe4 Rxb2 20. Nf5 Bc5) (18.
Nfd2 Bc5 19. Ba3 $5 Bxa3 20. Rxa3 Rfd8 21. Ne3 Qd6 22. Ndc4 $14) 18... Bc5 19.
Ba3 $5 Bxa3 20. Rxa3 $14 {>< d5} Rfd8 21. Nfd2 Nd7 (21... Qg4 $5 {>< d3} 22.
Qe3 (22. f3 Qg5 $5 (22... Qe6 23. Ne3) 23. Ne3 Rb2 $13) (22. Qxg4 Nxg4 23. f3
Nf6 24. Kf2 Nd7 {/\ Nc5} 25. Nb3 Nb6 $10) 22... Nd7 23. h3 Qe6 {/\ Qe7}) 22.
Nb3 {[#]} Rxb3 $5 23. Rxb3 Nc5 24. Rbb1 Nd3 25. Ne3 Nxe1 26. Rxe1 Ne7 27. Rb1
h6 (27... Qc6 28. Qd3 $1 Re8 29. Qc4 $14) (27... g6 $142 28. h3 Kg7 $10) 28. g3
(28. Qc4 Qxc4 29. Nxc4 Rd3 $10) 28... f6 $6 29. Rb7 $1 Qc6 30. Qc4+ Qxc4 31.
Nxc4 $14 Rd3 32. Rxc7 Rxc3 33. a5 Kf8 (33... Rc1+ $142 34. Kg2 h5 $5) 34. Kf1
Rc2 35. h4 g5 $6 (35... h5) 36. h5 g4 37. Ke1 {(.)} f5 (37... Rc1+ 38. Kd2 Rf1
39. Ne3 Rxf2+ 40. Ke1 Ra2 (40... Rf3 41. Nxg4 Ng8 42. Ke2 Rxg3 (42... Ra3 43.
Rc6 $5 Rxa5 (43... Ra2+ 44. Kf3 Ra3+ 45. Ne3 $5 Rxa5 46. Rc8+ $1 Kf7 47. Nf5
$36 {/\ Rc7}) 44. Nxf6 Nxf6 45. Rxf6+ Kg7 46. Rg6+ Kh7 47. Re6 $16) 43. Ne3 Rg5
44. Ra7 Rxh5 45. Nf5 $36 {>< Ng8, /\ Nd6, Rf7#}) 41. Nxg4 Rxa5 42. Nxf6 Ra4 43.
Kf2 $16 {/\ g4}) 38. exf5 Nxf5 39. Rc5 Kg7 40. Rc7+ Kg8 (40... Kf6 41. Rc6+ Kg5
42. Nxe5 $18) 41. Rc6 Ne7 (41... Nd4 42. Rg6+ Kh7 43. Ne3 Nf3+ 44. Kf1 (44. Kd1
Rxf2 45. Nxg4 Rd2+ 46. Kc1 Rd8 47. Rxh6+ Kg7 48. Rxa6 $18) 44... Rc1+ 45. Ke2
e4) 42. Rc5 Kg7 (42... Kf8 43. Nxe5 $1 $18) 43. Rxe5 Rxc4 44. Rxe7+ Kf6 (44...
Kf8 45. Re6 $18) 45. Rb7 Kg5 46. Rb6 Kxh5 47. Rxa6 Ra4 (47... Rc2 48. Ra8 Ra2
49. a6 $18) 48. Kd2 Ra2+ 49. Kc3 $1 Rxf2 50. Rd6 $18 Rg2 51. Rd3 Kg5 52. Kb4 h5
53. a6 Rb2+ 54. Rb3 Re2 55. a7 Re8 56. Kc5 Re5+ 57. Kb6 Re8 58. Rb5+ $1 Kh6 59.
Kb7 1-0

[Event "RUS-ch"]
[Site "Elista"]
[Date "1994.??.??"]
[Round "5"]
[White "Ulybin, Mikhail"]
[Black "Varavin, Viktor"]
[Result "1-0"]
[WhiteElo "2510"]
[BlackElo "2510"]
[Annotator "Arkhipov,S"]
[PlyCount "127"]
[EventDate "1994.09.??"]
[EventType "swiss"]
[EventRounds "11"]
[EventCountry "RUS"]
[SourceTitle "CBM 044"]
[Source "ChessBase"]
[SourceDate "1995.02.01"]
[SourceVersion "1"]
[SourceVersionDate "1995.02.01"]
[SourceQuality "1"]

1. e4 e5 2. Nf3 Nc6 3. Bb5 a6 4. Ba4 Nf6 5. O-O Be7 6. Re1 b5 7. Bb3 d6 8. c3
O-O 9. a4 b4 10. a5 Rb8 11. Bc4 Bb7 12. d3 bxc3 $146 (12... d5 $6 13. exd5 Nxd5
14. Qb3 bxc3 15. bxc3 $14) 13. bxc3 Na7 14. Nbd2 Nb5 15. Qc2 c6 $6 (15... Nh5
16. Nf1 Kh8 {/\ f5}) 16. Bb2 Qc7 17. Bb3 $1 {/\ Nd2-c4-b6} c5 $2 (17... Nh5 $32
{/\ Kh8,f5}) 18. Nc4 Bc8 $6 19. Nb6 Bb7 20. Nd2 Kh8 21. Nf1 Ng8 22. Ne3 Bg5 23.
Nbd5 Qd7 24. Rf1 Ne7 25. Nxe7 Qxe7 26. g3 Nc7 27. f4 exf4 28. gxf4 Bf6 29. Nf5
$6 (29. Ng4 $5) (29. Rf3 $1) 29... Qd7 $1 {/\ d6-d5} 30. c4 Bxb2 31. Qxb2 Ne6
32. Qc3 Nd4 $1 33. Nxd4 cxd4 34. Qxd4 Qg4+ $5 (34... Bxe4 35. dxe4 Rxb3 36. Rf2
$10) 35. Kh1 f5 $1 36. Rg1 Qf3+ 37. Rg2 Rg8 38. Kg1 fxe4 39. Rg3 $1 Qxf4 40.
Rf1 $1 (40. c5 dxc5 41. Qc3 Rbf8 42. Bxg8 (42. Rg2 Qe3+ 43. Kh1 exd3 44. Bxg8
Bxg2+ 45. Kxg2 Qf3+ 46. Kg1 Rxg8 $19)) 40... Qh6 $2 $138 (40... Qe5 $1 41. Qxe5
dxe5 42. c5 Rgf8 43. Bc4 $15) 41. dxe4 Rbf8 42. Rd1 Rf6 43. c5 dxc5 44. Qxc5
Rgf8 45. Qe7 Bc8 $6 (45... Rf2 $5 46. h4 Qf6 $1 47. Qxb7 (47. Qxf6 R2xf6 48. e5
Rf3 49. Rxf3 Bxf3 50. Rf1 g5 51. hxg5 Rf5 52. Kh2 Kg7 53. Kg3 Rxe5 $10) 47...
Rf1+ $10) 46. e5 $1 Rf2 47. h4 R2f5 48. Bf7 $3 g6 (48... R5xf7 49. Qxf7 Rxf7
50. Rd8+ $18) 49. e6 Qg7 50. Qd6 R5xf7 51. exf7 Qxf7 52. Qd4+ Kg8 53. h5 Bf5
54. h6 $1 Be4 55. Re1 $2 $138 (55. Qxe4 $1 Qf2+ 56. Kh1 Qxg3 57. Qe6+ Kh8 58.
Qf6+ $1 Rxf6 59. Rd8+ $18) 55... Qc7 56. Rg5 Rf5 57. Qe3 Qxa5 58. Qb3+ Bd5 59.
Qb8+ Rf8 60. Qe5 Qb6+ 61. Re3 Qb1+ 62. Re1 Qb6+ 63. Qe3 Qb4 64. Rxd5 1-0

[Event "Biel GM"]
[Site "Biel"]
[Date "2003.07.28"]
[Round "7"]
[White "Morozevich, Alexander"]
[Black "Bacrot, Etienne"]
[Result "1/2-1/2"]
[WhiteElo "2679"]
[BlackElo "2645"]
[Annotator "Bacrot,E"]
[PlyCount "71"]
[EventDate "2003.07.21"]
[EventType "tourn"]
[EventRounds "11"]
[EventCountry "SUI"]
[EventCategory "16"]
[SourceTitle "CBM 097"]
[Source "ChessBase"]
[SourceDate "2003.11.11"]
[SourceVersion "1"]
[SourceVersionDate "2003.11.11"]
[SourceQuality "1"]

1. e4 e5 2. Nf3 Nc6 3. Bb5 a6 4. Ba4 Nf6 5. O-O Be7 6. Re1 b5 7. Bb3 d6 8. a4
b4 9. c3 O-O 10. a5 Rb8 (10... Be6 $1 $11) 11. Bc4 $1 Be6 $5 {Objectivement ce
sacrifice n'est pas correct, mais il a envenimé la partie.} 12. Bxa6 $1 Ra8 13.
Qe2 (13. Bb7 Rxa5 14. Ra4 bxc3 $1 15. Bxc6 c2 $11) 13... Qb8 (13... Ra7 14. d4
exd4 15. cxd4 Qa8 16. Bb5 $16) (13... Bg4 14. Qc4 $1 $16) 14. d4 $1 bxc3 (14...
exd4 15. cxd4 Bg4 16. Be3 Bxf3 17. gxf3 Qa7 18. Bb5 Nxd4 19. Bxd4 Qxd4 20. Bc6
$16) 15. d5 $1 (15. bxc3 exd4 16. cxd4 Bg4 $13) 15... cxb2 16. Bxb2 Nb4 (16...
Rxa6 17. Qxa6 Qxb2 18. Nbd2 $1 Nb4 (18... Nb8 19. Qc4 $18) 19. Qc4 Nbxd5 20.
exd5 Nxd5 21. a6 $16) 17. dxe6 {Je pense que 17.Fb5 est meilleur.} (17. Bb5 $1
Bd7 18. Bxd7 Nxd7 19. Bc3 $14) (17. Bc4 Bg4 18. Nc3 Bxf3 (18... c6 19. dxc6
Nxc6 20. Nd5 $14) 19. gxf3 Nh5 $13) 17... Nxa6 18. exf7+ Rxf7 19. Ba3 (19. Ng5
Rf8 20. Qc4+ Kh8 21. Ba3 Qe8 $1 22. Ne6 Qf7 23. Nd2 Rfc8 $13) 19... Nh5 {
Encore une fois le sacrifice est douteux, mais avec un point de retard sur le
leader, je dois prendre tous les risques.} 20. g3 {Après une longue réflexion,
Morozevich préfère jouer positionnellement.} (20. Nxe5 $5 Nf4 (20... dxe5 21.
Bxe7 Rxe7 22. Qxh5 Qb4 23. Qe2 Nc5 $14) 21. Qc4 dxe5 22. Bxe7 $16) 20... Nb4 $5
(20... Qa7 21. Nbd2 Raf8 22. Qe3 $14) 21. Nc3 $2 {Après ce coup, ce sont les
noirs qui prennent l'initiative. La réfutation du dernier coup noir est
paradoxale.} (21. Bxb4 $1 Qxb4 22. Qa2 $1 {Le coup probablement manqué par mon
adversaire} (22. Nbd2 Rxa5 23. Rab1 Qa4 $1 $13) (22. Nfd2 d5 $1 (22... Raf8 23.
Rf1) (22... Bg5 $5) 23. exd5 (23. Qxh5 Qd4 $15) 23... Bc5 24. Ne4 Bd4 $44)
22... g5 (22... d5 23. Nbd2 $18) 23. h3 {L'attaque noire est facilement
repoussée et le pion "a" va faire la différence.}) 21... Nc6 $1 (21... Rxa5 22.
Bxb4 Qxb4 23. Nd5 $16) 22. a6 (22. Nd5 $5) 22... Qc8 23. Nd5 Rxa6 {Le problème
principal a disparu.} 24. Rec1 (24. Nxe7+ $1 Rxe7 25. Bxd6 Rxa1 26. Bxe7 $11)
24... Bd8 25. Kg2 {Morozevich me proposa nulle mais la position au classement
me forçait а continuer. Je pense que les compensations blanches ne sont pas
suffisantes pour le pion mais la situation au temps m'est très défavorable:
3mn contre 12mn.} (25. Qc4 Nf4 $1 $17 26. gxf4 Qg4+ 27. Kf1 Qxf3 28. Qxa6 Qh1+
29. Ke2 Qxe4+ 30. Ne3 Nd4+ $19) 25... g6 26. Qc4 Kg7 (26... Nf4+ $5 27. Nxf4
exf4 28. Bb2 Rb6 $1 $15) 27. Bxd6 $5 {Je pensais m'être prémuni de toute
agression et ce coup fut un choc. Mais heureusement je gardai l'avantage. Les
derniers coups noirs sont difficiles а commenter étant donné le peu de temps
qu'il me restait а la pendule.} Rxa1 28. Qxc6 Rxc1 29. Bxe5+ Kg8 30. Qxc1 Qe6
31. Qc3 $1 Qg4 32. Nd2 c6 $2 (32... Qe2 {posait des problèmes} 33. Bd4 Bg5 34.
Qc6 Ng7 35. Qa8+ Rf8 36. Nf6+ Bxf6 37. Qd5+ Kh8 38. Bxf6 Rxf6 39. Qd8+ Ne8 40.
Qxe8+ Kg7 41. Qd7+ Rf7 42. Qd4+ Kh6 43. Nc4 c5 44. Qxc5 Qxe4+ 45. Kg1 $15) 33.
Qxc6 Qe2 34. Qe8+ Rf8 35. Qe6+ Rf7 36. Qe8+ {Après ce perpétuel, Morozevich
concéda une nulle tranquille contre Smirin avant de finir par deux victoires
et remporter le tournoi sur le score impressionnant de 8/10!} 1/2-1/2

[Event "EU-Cup 23rd"]
[Site "Kemer"]
[Date "2007.10.08"]
[Round "6.1"]
[White "Berg, Emanuel"]
[Black "Stefansson, Hannes"]
[Result "1-0"]
[WhiteElo "2593"]
[BlackElo "2574"]
[Annotator "Berg,E"]
[PlyCount "51"]
[EventDate "2007.10.03"]
[EventType "team-swiss"]
[EventRounds "7"]
[EventCountry "TUR"]
[SourceTitle "CBM 121"]
[Source "ChessBase"]
[SourceDate "2007.11.14"]
[SourceVersion "1"]
[SourceVersionDate "2007.11.14"]
[SourceQuality "1"]
[WhiteTeam "Sollentuna"]
[BlackTeam "Reykjavik CC"]
[WhiteTeamCountry "SWE"]
[BlackTeamCountry "ISL"]

1. e4 e5 2. Nf3 Nc6 3. Bb5 a6 4. Ba4 Nf6 5. O-O b5 {An unusual move order. The
idea is to develop the bishop to b7 first and wait for White. Then Black can
decide whether to put the other bishop on e7 or on c5.} 6. Bb3 Bb7 7. d3 {
A very solid continuation. The standard move} (7. Re1 {is a bit more testing,
but then Black might continue with} Bc5 {instead.}) 7... Be7 8. Re1 O-O 9. Nbd2
({After the passive} 9. h3 {I would transpose into my second round game
against Jan Gustafsson which was reached via the Marshall attack. However, now
White has better options and can do without losing this important tempo.}) 9...
d6 {Black now protects the e5-pawn and prepares the threat of ...Na5 grabbing
the bishop pair.} 10. c3 {Securing the bishop on b3 and at the same time
preparing the comming d3-d4 break.} Re8 11. Ng5 {Just a simple repetion to
avoid possible time trouble later on.} Rf8 12. Ngf3 Re8 13. Nf1 {The knight is
heading either for e3 or g3 depending on how Black reacts. This move also
opens up the diagonal for the bishop and White is ready to play Bg5.} h6 {
Black would like to play ...Bf8, but first he must prevent Bg5.} 14. Ng3 {
Here the knight overprotects e4 in order to push d3-d4. The knight might also
be heading for f5 at some point.} Bf8 15. d4 Na5 {Black starts to regroup his
knight and also opens the bishop's diagonal from b7, putting some pressure on
e4.} 16. Bc2 Nc4 {It's important not to get stuck with the knight on the edge,
which could be the case if Black allows White to play b3. Now the Knight will
try to provoke some weaknesses and then head back to b6, from where it can
support the break d6-d5 later on.} 17. b3 Nb6 18. Bb2 {This position reminded
me of a game I had played against Thomas Ernst in the SWE-ch 2003. That game
was reach from the Chigorin Variation. The only difference now is that White
hasn't played h3 and instead used up two tempo to get the pawn to d4. However
the nature of the position is the same.} Nfd7 {This move looks a bit passive,
but it's very solid and actually it is not so easy to find a good way to react
for White.} ({After} 18... c5 {I would have used the same idea as against
Ernst in 2003.} 19. dxc5 dxc5 20. c4 $1 {Opening up the bishop's diagonal and
putting some pressure to the e5 pawn. White's main idea now is to transfer a
knight to d5 e.g} Qc7 21. Nd2 bxc4 22. bxc4 Rad8 23. Qe2 Bc6 24. Ndf1 Na4 25.
Bxa4 Bxa4 26. Ne3 Qc6 27. Nd5 Nxd5 28. cxd5 {with an advantage to White in
Berg-Ernst, SWE-ch 2003. Here the addition of h2-h3 does not change the
assessment of the position. White has excellent chances to create an attack on
the kingside with the f2-f4 break to come.}) 19. Qd2 {Planning Rad1 and also
preparing for Nf5.} g6 {This prevents Nf5 and prepares ...Bg7, but it also
seriously weakens the Black kingside. An interesting alternative was} (19... a5
20. Nf5 a4 {but here after} 21. Rad1 {I believe that WHite has good chances to
build up a kingside attack.}) 20. Rad1 c6 $2 {This move blocks the diagonal
for Black's bishop and also weakens the d6-square. Now White's position is
preferable.} ({Stronger was} 20... a5 {to create counterplay on the queenside.}
) 21. Nf1 $1 {This knight has no work left to do on g3 and must now be
redeployed. Now this knight is heading for e3 where it will be excellently
placed.} Qc7 22. Ne3 {Prepares the central break c3-c4 but also threatens Ng4.}
Nf6 {This prevents Ng4, but also loses important control in the centre.} 23. c4
$1 {A well timed break in the centre with multiple threats. Both c5 and Qa5
are very serious threats.} Nbd7 (23... bxc4 $2 {is bad in view of} 24. dxe5
dxe5 25. Qa5 {with a strong initiative to White.}) ({Also after} 23... exd4 $2
{White is clearly better} 24. Qxd4 Nbd7 {but here} 25. Ng4 Re6 26. e5 c5 27.
Qf4 {with a crushing attack!}) 24. dxe5 dxe5 $4 {The decisive mistake. Now
Black is lost. Necessary was} (24... Nxe5 {and it's not all that clear although
} 25. c5 $1 Rad8 26. Qc3 {looks rather promising for White as well.}) 25. Ng4
$1 {This strong move forces the win of material. Black must go for an endgame
a pawn down without any compensation, but instead Stefansson tried something
else.} h5 $2 ({After} 25... Nxg4 26. Qxd7 Qxd7 27. Rxd7 {White will follow up
with h3 very soon and the e5-pawn will fall.}) 26. Bxe5 $1 {Now Black loses
even more material and so he resigned.} 1-0

[Event "Lugano Open-10"]
[Site "Lugano"]
[Date "1985.03.??"]
[Round "6"]
[White "Short, Nigel D"]
[Black "Ivkov, Borislav"]
[Result "1/2-1/2"]
[WhiteElo "2535"]
[BlackElo "2510"]
[Annotator "Bulletin"]
[PlyCount "82"]
[EventDate "1985.03.??"]
[EventType "swiss"]
[EventRounds "9"]
[EventCountry "SUI"]
[SourceTitle "EXT 2000"]
[Source "ChessBase"]
[SourceDate "1999.11.16"]
[SourceVersion "1"]
[SourceVersionDate "1999.11.16"]
[SourceQuality "1"]

1. e4 e5 2. Nf3 Nc6 3. Bb5 a6 4. Ba4 Nf6 5. O-O Be7 6. Re1 b5 7. Bb3 d6 8. a4
Bd7 9. c3 Na5 10. Bc2 c5 11. d4 Nc6 (11... Qc7 $2 12. axb5 Bxb5 13. dxe5 dxe5
14. Nxe5) 12. Nbd2 cxd4 13. cxd4 O-O 14. axb5 axb5 15. Rxa8 Qxa8 16. Nb3 Rc8
17. Bd2 Bd8 18. h3 Bb6 19. Bg5 Ne8 20. Be3 Qa7 21. Bb1 Nf6 22. Qd2 Qa4 23. dxe5
Nxe5 24. Nxe5 Bxe3 25. Rxe3 dxe5 26. Rc3 {/\ Rc8,Qd8#} Rxc3 27. Qxc3 Nxe4 28.
Qxe5 Nf6 $8 29. Bc2 Qc4 30. Nd4 Qd5 31. Qf4 $10 Be8 32. Nf5 Qe6 (32... Kh8 $2
33. Qg5) (32... Kf8 $4 33. Qb4+) 33. Qd4 (33. Qg5 g6) 33... Bd7 34. Ne3 g6 35.
b4 Bc6 36. Bb3 Qxb3 37. Qxf6 Qb1+ 38. Kh2 Qe4 39. Kg3 h5 40. h4 Qe8 41. Kf4 Kh7
(41... Qe4+ 42. Kg5 Qe8 43. g4) 1/2-1/2

[Event "URS-ch46 First League"]
[Site "Ashkhabad"]
[Date "1978.??.??"]
[Round "1"]
[White "Kupreichik, Viktor D"]
[Black "Kakageldyev, Amanmurad"]
[Result "1-0"]
[WhiteElo "2490"]
[BlackElo "2415"]
[Annotator "Bulletin"]
[PlyCount "57"]
[EventDate "1978.10.??"]
[EventType "tourn"]
[EventRounds "17"]
[EventCountry "URS"]
[EventCategory "10"]
[SourceTitle "MCL"]
[Source "ChessBase"]
[SourceDate "1999.07.01"]
[SourceVersion "1"]
[SourceVersionDate "1999.07.01"]
[SourceQuality "1"]

1. e4 e5 2. Nf3 Nc6 3. Bb5 a6 4. Ba4 Nf6 5. O-O Be7 6. Re1 b5 7. Bb3 d6 8. a4
Bb7 (8... b4 9. c3 bxc3 10. bxc3 O-O) 9. c3 O-O (9... Na5 10. Bc2 c5 11. d4 $14
) 10. d4 h6 11. Nbd2 Re8 12. Qe2 Qb8 13. Bc2 Bf8 14. d5 Na7 (14... Ne7 15. axb5
axb5 16. Rxa8 Bxa8 17. b4 $14) 15. c4 c6 16. b3 cxd5 17. cxd5 Nd7 18. b4 f5 $2
19. Nh4 $1 Qc7 20. Bb1 fxe4 21. Nxe4 Bxd5 22. Bxh6 $1 gxh6 (22... Bxe4 23. Bxe4
gxh6 24. Qg4+ Bg7 25. Bd5+ Kh8 26. Ng6+ Kh7 27. Qe4 Nf6 28. Nf8+ Kh8 29. Qh7+
$1 Nxh7 30. Ng6#) 23. Qg4+ Kf7 (23... Bg7 24. Nf5) 24. Qg6+ Ke7 25. Nxd6 Be6
26. Nhf5+ Bxf5 27. Qf7+ Kxd6 28. Rd1+ Kc6 29. Qd5+ 1-0

[Event "Lippstadt"]
[Site "Lippstadt"]
[Date "1995.??.??"]
[Round "8"]
[White "Mainka, Romuald"]
[Black "Schlosser, Philipp"]
[Result "0-1"]
[WhiteElo "2530"]
[BlackElo "2500"]
[Annotator "Bulletin"]
[PlyCount "80"]
[EventDate "1995.07.??"]
[EventType "tourn"]
[EventRounds "11"]
[EventCountry "GER"]
[EventCategory "7"]
[SourceTitle "EXT 1997"]
[Source "ChessBase"]
[SourceDate "1996.11.15"]
[SourceVersion "1"]
[SourceVersionDate "1996.11.15"]
[SourceQuality "1"]

1. e4 e5 {Nach acht Jahren Abstinenz hatte ich wieder Lust auf diese
klassische Entgegnung.} 2. Nf3 d6 {Philidor} 3. Bc4 Be7 4. d3 Nf6 5. c3 O-O 6.
O-O Nc6 {Zweispringerspiel} 7. Re1 Na5 8. Bb5 a6 9. Ba4 b5 10. Bc2 c5 {
Spanisch - am Ende eines atemberaubenden Blindfluges durch mir unbekannte
Gefilde überlegte ich nun, welche Aufstellung ich einnehmen sollte.} 11. Nbd2
Nd7 12. Nf1 Nc6 (12... Nb6 $5) 13. Ng3 (13. Ne3 Nb6 14. d4 $5) 13... Nb6 14. h3
Re8 15. Nh2 d5 16. exd5 Nxd5 17. Qf3 Be6 18. Ng4 f6 19. Ne3 Qd7 20. Bb3 $2 (20.
d4 $1 $8 cxd4 21. Nxd5 Bxd5 22. Qh5 g6 23. Bxg6 hxg6 24. Qxg6+ Kh8 25. Qh6+ $10
) 20... Rad8 21. Ngf5 Bf8 22. Nxd5 Bxd5 23. Ne3 Be6 $1 {Vor 20.Bb3 dachte
Romuald,Schwarz müsse hier seinem Turm die a-Linie öffnen. Wer weiß,
wahrscheinlich hätte er ohne diesen Irrtum 20.d4 bemerkt? Den Rest ohne Worte.}
24. Bc2 f5 25. Nf1 Bd5 26. Qe2 Kh8 27. Bg5 Rc8 28. Bd2 Qf7 29. a4 b4 30. Ne3
Nd4 31. cxd4 exd4 32. Qf1 dxe3 33. fxe3 g6 34. Rab1 Ba2 35. Rbc1 Bg7 36. d4
cxd4 37. Bxb4 dxe3 38. Bc3 Bxc3 39. bxc3 Rxc3 40. Qf4 Qc7 0-1